000 01181pam a2200325 a 4500
001 3959516
003 ARRUPE
005 20170208120018.0
008 940511s1994 caua b 000 0 eng
010 _a 94012750
020 _a0876540795 :
_c$24.95 ($35.00 Can.)
040 _aDLC
_cDLC
_dDLC
043 _an-mx---
_anc-----
050 0 0 _aF1435
_b.J36 1994
082 0 0 _a972/.01
_220
100 1 _aJanson, Thor,
_d1953-
_928647
245 1 0 _aIn the land of green lightning :
_bthe world of the Maya /
_cThor Janson.
250 _a1st ed.
260 _aSan Francisco :
_bPomegranate Artbooks,
_cc1994.
300 _a149 p. :
_bchiefly col. ill. ;
_c23 x 31 cm.
504 _aIncludes bibliographical references (p. 147-148).
650 0 _aMayas.
_928648
650 0 _aBiotic communities
_zMexico.
_928649
650 0 _aBiotic communities
_zCentral America.
_928650
651 0 _aMexico
_xDescription and travel.
_928651
651 0 _aCentral America
_xDescription and travel.
_928652
906 _a7
_bcbc
_corignew
_d1
_eocip
_f19
_gy-gencatlg
942 _2lcc
_cMONOGRAPH
999 _c126058
_d126058